000 00745nam a2200229Ia 4500
001 1699
003 GE_BSU
008 181216s||||||||xx |||||||||||||| ||und||
020 _a9789941192715
040 _cGE_BSU
080 _a61(03)
100 _aმუხიგული,მაია
245 _aდიდი საოჯახო სამედიცინო ენციკლოპედია.
245 _cრედ. მანანა თურქია
260 _aთბილისი
260 _bპალიტრა
260 _c2011
300 _a620 გვ. 30 სმ.
541 _h33 ლ.
653 _aსაოჯახო სამედიცინო ენციკლოპედია
942 _cBK
999 _c35810
_d35810